00743nam a2200241 a 4500001001300000003000900013005001700022008004100039020002300080082001500103100002300118245007200141260004400213300000900257500003500266505001000301650002000311650002200331902000800353942000700361952011600368999001700484nice12345678IN_TiNIC20260116014546.0050524s2000 lona grp 000 0 eng  a0197319 c57500a305.4bPRE aPresser, Harriet B aWomen`s Empowerment and Demographic Processesb Moving Beyond Cairo aLondan bOxford University Press c2000 a426p aincludes index and biblioraphy2 aIndex aFamily-Planning aWomen-Empowerment bSRS cBK 001040708StackRoom-aHMIbHMId2007-03-21g575.00l0o305.4 PREp020055r2007-03-21v575.00w2005-05-24yBK c15968d15968